| 000 | 01834cam a22004694i 4500 | ||
|---|---|---|---|
| 003 | PE-LiUPU | ||
| 005 | 20250731173342.0 | ||
| 008 | 150706s2007 ag a rb 000 0 spa d | ||
| 020 | _a9789505126156 | ||
| 035 | _a(Sirsi) i9789505126156 | ||
| 040 |
_aPE-LiUPU _bspa _cPE-LiUPU _erda |
||
| 049 | _aPRUA | ||
| 082 | 0 | 4 |
_a227.87 _bR68 _221 |
| 100 | 1 |
_aRivas, Luis Heriberto, _eautor. |
|
| 245 | 1 | 0 |
_aCarta a los Hebreos : _bel sumo sacerdote, el sacrificio, la fe y la perseverancia, los furtos de la justicia / _cLuis Heriberto Rivas. |
| 264 | 1 |
_aBuenos Aires : _bClaretiana, _c2007. |
|
| 300 |
_a96 páginas : _bilustraciones ; _c17 centímetros |
||
| 336 |
_atext _2rdacontent |
||
| 337 |
_aunmediated _2rdamedia |
||
| 338 |
_avolume _2rdacarrier |
||
| 504 | _aIncluye bibliografía. | ||
| 505 | 0 | _a"Carta a los Hebreos" -- Algunas Nociones Previas -- Hijo y hermano -- Sumo Sacerdote -- El Sacrificio -- La fe y la perseverancia -- Los frutos de la justicia -- Bendición y esquela. | |
| 526 | _aSEG42 | ||
| 526 | _aSEG41 | ||
| 526 | _aSEG40 | ||
| 526 | _aSEG39 | ||
| 526 | _aP94 | ||
| 526 | _aP87 | ||
| 526 | _aP86 | ||
| 526 | _aP85 | ||
| 526 | _aP77 | ||
| 526 | _aP76 | ||
| 526 | _aP35 | ||
| 541 | _g007-0020319; | ||
| 630 |
_aBiblia. _pN.T. _pHebreos _xComentarios. |
||
| 910 |
_bjv _cng _d20090911 |
||
| 942 |
_2ddc _cBOOK |
||
| 949 |
_a227.87 R68 _wDEWEY _c1 _i60327 _d2016-10-19 _e2016-10-17 _lCCODEBUL1 _mBUL _n3 _p18.00 _r0 _sY _tBOOK _u2015-7-6 _xTEOLOGIA _zUNKNOWN _0COMPRA _o.STAFF. Colección Teología |
||
| 994 |
_aC0 _bPEPRU |
||
| 596 | _a1 | ||
| 999 |
_a227.87 R68 _wDEWEY _c49789 _i60327 _d49789 _e2016-10-17 _f2021-11-9 _g5 _lCCODEBUL1 _mBUL _n3 _p18.00 _q5 _r0 _sY _tBOOK _u2015-7-6 _xTEOLOGIA _PP35 _0COMPRA _o.STAFF. Colección Teología |
||
| 980 |
_81 _gALBERTO SANCHEZ Responsable de Automatización |
||